[Event "Bayern-chI Bank Hofmann 20th"]
[Site "Bad Wiessee"]
[Date "2016.11.06"]
[Round "9"]
[White "Cordts, Ingo"]
[Black "Stern, Rene"]
[Result "0-1"]
[WhiteElo "2289"]
[BlackElo "2521"]
[PlyCount "142"]
[EventDate "2016.10.29"]
[EventType "swiss"]
[EventRounds "9"]
[EventCountry "GER"]
[SourceTitle "CBM 175 Extra"]
[Source "ChessBase"]
[SourceDate "2016.12.12"]
[SourceVersion "1"]
[SourceVersionDate "2016.12.12"]
[SourceQuality "1"]

1. Nf3 Nf6 2. c4 e6 3. g3 b6 4. Bg2 Bb7 5. 0-0 Be7 6. Nc3 0-0 7. Re1 Ne4 8. Nxe4 Bxe4 9. d3 Bb7 10. e4 c5 11. d4 cxd4 12. Nxd4 Nc6 13. Be3 Nxd4 14. Bxd4 Qc7 15. Qg4 f6 16. Rac1 Rac8 17. Red1 Bc6 18. Qe2 Qb7 19. f4 Rc7 20. a3 a5 21. Re1 a4 22. Qf2 Rb8 23. Rc2 Qc8 24. Rec1 Qf8 25. e5 Bxg2 26. Kxg2 Bc5 27. exf6 gxf6 28. Bxc5 Qxc5 29. Qe2 Rbc8 30. Rc3 Rc6 31. Rd1 Rd6 32. Rcd3 Rxd3 33. Qxd3 Rc7 34. b4 axb3 35. Qxb3 Kf7 36. Qb1 f5 37. Qb4 Qe3 38. Qd6 Ra7 39. Qe5 Qxe5 40. fxe5 Ke7 41. Rd4 Ra5 42. Rh4 Rxe5 43. Rxh7+ Kd6 44. h4 Rc5 45. h5 Rxc4 46. h6 Rc8 47. Rf7 Rh8 48. h7 e5 49. Kf3 Ke6 50. Rg7 b5 51. Ke3 d5 52. Kf3 Kf6 53. Rb7 d4 54. g4 e4+ 55. Kf4 e3 56. Rb6+ Kg7 57. Rb7+ Kh6 58. g5+ Kg6 59. Rb6+ Kxh7 60. Re6 Rd8 61. Rh6+ Kg7 62. Rh2 d3 63. Kxe3 d2 64. Rxd2 Rxd2 65. Kxd2 Kg6 66. Ke3 Kxg5 67. Kf3 f4 68. Kf2 Kg4 69. Kg2 f3+ 70. Kf2 Kf4 71. Ke1 Ke3 0-1

[Event "Bayern-chI Bank Hofmann 20th"]
[Site "Bad Wiessee"]
[Date "2016.11.05"]
[Round "8"]
[White "Kastek, Thomas"]
[Black "Cordts, Ingo"]
[Result "0-1"]
[WhiteElo "2037"]
[BlackElo "2289"]
[PlyCount "78"]
[EventDate "2016.10.29"]
[EventType "swiss"]
[EventRounds "9"]
[EventCountry "GER"]
[SourceTitle "EXT 2018"]
[Source "ChessBase"]
[SourceDate "2017.10.13"]
[SourceVersion "1"]
[SourceVersionDate "2017.10.13"]
[SourceQuality "1"]

1. c4 e6 2. d4 Nf6 3. Nf3 d5 4. Nc3 Bb4 5. e3 0-0 6. Bd3 c5 7. 0-0 dxc4 8. Bxc4 Nbd7 9. Qe2 cxd4 10. exd4 Bxc3 11. bxc3 Qc7 12. Bg5 b6 13. Rac1 Bb7 14. Bd3 h6 15. Bh4 Nh5 16. Bb1 Qf4 17. Bg3 Nxg3 18. hxg3 Qg4 19. Rfe1 Rfd8 20. Qd3 g6 21. Re3 Rac8 22. Rce1 Bd5 23. Nd2 Nf6 24. Re5 Nd7 25. R5e3 Qf5 26. Qa6 Qf6 27. Qxa7 Ra8 28. Qc7 b5 29. Ne4 Qe7 30. Qd6 Kf8 31. Qxe7+ Kxe7 32. Bd3 Bxe4 33. Bxe4 Rxa2 34. Rb1 Rb8 35. Bc6 Nf6 36. c4 Ng4 37. Rf3 bxc4 38. Rf1 Kd6 39. Be4 f5 0-1